INIE: 25 años al servicio de la educación costarricense /

Λεπτομέρειες βιβλιογραφικής εγγραφής
Κύριος συγγραφέας: Amador Gómez, Ericka
Άλλοι συγγραφείς: Rodríguez Sandí, Fabio
Μορφή: Βιβλίο
Γλώσσα:Ισπανικά
Έκδοση: San José, Costa Rica. : E. Amador G.; F. Rodríguez S., 2007
Θέματα:

MARC

LEADER 00000nam a2200000Ia 4500
008 160504b2007 c ||||| |||| 00| | spa d
999 |c 1538  |d 1538 
090 |a 06.02.01   |b 2047 
100 |a Amador Gómez, Ericka  |9 2219 
245 1 0 |a INIE: 25 años al servicio de la educación costarricense /   |c Ericka Amador Gómez; Fabio Rodríguez Sandí 
260 |a San José, Costa Rica. :   |b E. Amador G.; F. Rodríguez S.,   |c 2007 
300 |a 48 páginas 
500 |a Informe proyecto : Pasado y presente de las comunidades costarricenses, Trabajo Comunal Universitario (T-160) 
610 2 4 |9 153  |a INSTITUTO DE INVESTIGACIÓN EN EDUCACIÓN 
650 1 4 |a EDUCACIÓN  |9 1 
650 1 4 |a INVESTIGACIÓN EDUCATIVA  |9 326 
700 1 |a Rodríguez Sandí, Fabio  |9 1705 
942 |i 002528   |h 06.02.01 2047  |2 z  |c 01